| 000 | 00768nam a22002057a 4500 | ||
|---|---|---|---|
| 005 | 20180416102717.0 | ||
| 010 | _aB-690782-783 | ||
| 020 |
_a9788180423529 _c600.00 |
||
| 035 | _aB-690782-783 | ||
| 037 |
_bModern Pub. House _adpl |
||
| 082 | _a921 | ||
| 100 | _aLotay, Rajinder Kaur | ||
| 245 |
_aA truly decolonised historian Dr. Vidya Sagar Anand / _cby Rajinder Kaur Lotay |
||
| 260 |
_aNew Delhi _bModern Pub. House _c2017 |
||
| 270 |
_a9, Gole Market, Daryaganj, _bNew Delhi _e110002 |
||
| 300 |
_a176p. _c23cm(Hb) |
||
| 500 | _aBalidani | ||
| 942 |
_2ddc _cEN _mLOT _h921 |
||
| 999 |
_c151202 _d151202 |
||